000 00463nam a2200181Ia 4500
001 2806
005 20260306144834.0
008 260306t1966||||xx |||||||||||||| ||spa||
041 _aESP
082 _a230.1
_bN89
100 _aMullor García, Justo
_eAUT
245 0 _aLa nueva cristiandad:
_bapuntes para una teología de nuestro tiempo
260 _c1966
300 _a327 páginas :
_c20 cm.
650 _aGEN
654 _aCHU
942 _cLIB
_dJUS
_fJUS
_2ddc
_n
999 _c2806
_d2806